000 01435nam a22003135i 4500
001 158979
003 ES-MaACL
005 20250815021513.0
008 940301s1880 sp |||| | spa d
080 _a94(460)"0711/1492"
080 _a94(460.18)"08/13"
100 1 _aMartínez de Velasco, Eusebio.
_978036
245 1 0 _aLeón y Castilla del año 850 al 1350 :
_b(páginas de la historia patria-Reconquista) /
_cpor D. Eusebio Martínez de Velasco.
260 _aMadrid :
_b[s.n.],
_c1880 (
_fTip. de G. Estrada)
300 _a248 p. ;
_c18 cm.
490 1 _aBiblioteca enciclopédica popular ilustrada. Sección 4ª. Historia
530 _aDisponible en formato digital.
596 _aMarca tip. en port.
651 4 _aLeón (Reino)-
_xHistoria.
_98916
651 4 _aCastilla (Reino)-
_xHistoria.
_97987
651 4 _aEspaña-
_xHistoria-
_y0711-1492, Reconquista.
_98217
700 1 _aEstrada, Gregorio.
_9126979
830 1 0 _aBiblioteca enciclopédica popular ilustrada.
_pHistoria
_9188180
852 _aES-MaACL
_jF-13583
_z- Enc. hol.
856 _uhttp://bdh-rd.bne.es/viewer.vm?id=0000052543&page=1
_zBiblioteca Digital Hispánica
856 _uhttps://bvpb.mcu.es/es/consulta/registro.do?id=398252
_zBiblioteca Virtual del Patrimonio Bibliográfico
856 _uhttps://bibliotecadigital.jcyl.es/es/consulta/registro.do?id=2286
_zBiblioteca Digital de Castilla y León
999 _c158979
_d158979